Ιστορία της νεοελληνικής λογοτεχνίας
Αποθηκεύτηκε σε:
| Κύριος συγγραφέας: | |
|---|---|
| Μορφή: | Βιβλίο |
| Γλώσσα: | Greek |
| Δημοσίευση: |
Αθήνα :
Μορφωτικό Ίδρυμα Εθνικής Τραπέζης,
2001
|
| Θέματα: | |
| Ετικέτες: |
Προσθήκη ετικέτας
Δεν υπάρχουν, Καταχωρήστε ετικέτα πρώτοι!
|
MARC
| LEADER | 00000cam a2200000 i 4500 | ||
|---|---|---|---|
| 001 | 1/75714 | ||
| 008 | 050426s2001 gr | ||| |||| ||gre|| | ||
| 020 | |a 9602500611 | ||
| 035 | |l 10077779 | ||
| 040 | |a GR-MY-UA |b gre |e aacr | ||
| 041 | 0 | |a gre | |
| 082 | 0 | |a 889.09 |2 (21) | |
| 100 | 1 | |a Πολίτης, Λίνος, |d 1906-1982. | |
| 245 | 1 | 0 | |a Ιστορία της νεοελληνικής λογοτεχνίας / |c Λινού Πολίτη |
| 260 | |a Αθήνα : |b Μορφωτικό Ίδρυμα Εθνικής Τραπέζης, |c 2001 | ||
| 300 | |a ις', 446 σ.; |c 22 εκ. | ||
| 504 | |a Βιβλιογραφία: σ. 391-419. Ευρετήριο | ||
| 650 | 0 | 0 | |a Greek literature, Modern |x History and criticism. |
| 852 | |a INST |b SYROS |e 20050426 |h 889.09 ΠΟΛ |p 005500003531 |q 005500003531 |t BK |y 0 | ||
| 901 | |a BIBL5-2005-1 | ||
| 909 | |a Ε |b 116991 | ||
| 920 | |a ΕΛΛΗΝΙΚΟ ΑΝΟΙΚΤΟ ΠΑΝΕΠΙΣΤΗΜΙΟ |b ΒΙΒΛΙΟΘΗΚΗ |y Σύρος |z 2005-04 | ||
| 970 | |a ΚΑΓΙΑΒΑ |b ΕΙΡΗΝΗ |z 2005/04/26 | ||